| 000 | 00860cab a2200253 4500 | ||
|---|---|---|---|
| 001 | WB2905-65 | ||
| 008 | 090401t1993 xxu||||| |||| 00| 0 eng d | ||
| 035 | _a(Sirsi) u43239 | ||
| 041 | _aeng | ||
| 245 | _aReinspections | ||
| 260 | _c1993 | ||
| 350 | _a0 | ||
| 490 |
_aCSM (Chartered Surveyor Monthly) _v2(5) February 1993, 7&8(1) |
||
| 520 | _aIn view of developments in case law on the valuers` liability the RICS has taken counsel`s opinion on a number of questions relating to practice in respect of reinspections and revaluations of residential property for mortgage purposes. | ||
| 650 | _aCOUNSELS OPINION | ||
| 650 | _aMORTGAGE VALUATIONS | ||
| 650 | _aREINSPECTIONS | ||
| 650 |
_aRESIDENTIAL PROPERTY _96266 |
||
| 650 | _aREVALUATIONS | ||
| 650 | _aWHITE BOOK | ||
| 690 | _aRATING AND VALUATION | ||
| 942 | _n0 | ||
| 948 | _c04/03/1997 | ||
| 999 |
_c27636 _d27636 |
||